La siguiente evolución de marketing: conéctese con sus clientes mediante el marketing con significado

Uloženo v:
Podrobná bibliografie
Hlavní autor: Gilbreath, Bob (Autor)
Médium: Kniha
Jazyk:španělština
Vydáno: Cuernavaca McGraw-Hill 2011
Témata:
Tagy: Přidat tag
Žádné tagy, Buďte první, kdo vytvoří štítek k tomuto záznamu!

MARC

LEADER 00000cam a2200000 a 4500
001 UCG9308
003 CL-VaPUC
008 120309e20110000MX |||||||||||||||||spa|d
020 |a 9780071625364 
082 0 4 |a 658.8  |b GIL  |2 21 
100 0 |a Gilbreath, Bob  |e author  |9 560808 
245 1 3 |a La siguiente evolución de marketing: conéctese con sus clientes mediante el marketing con significado 
300 |a 288 p 
942 |c BK 
945 |d 20120309 00:00:00  |a dcastane 
260 |a Cuernavaca  |b McGraw-Hill  |c 2011 
650 0 |a Marketing estratégico  |9 358049 
650 0 |a Economía   |9 255568 
650 0 |a Mercado  |9 321497 
650 0 |a Tecnología  |9 256742 
583 |a last modification  |c 20120309 14:21:00  |k Rodrigo Vera 
999 |c 346866  |d 346864 
952 |0 0  |1 0  |4 0  |6 658_800000000000000_GIL_2011  |7 0  |8 A  |9 447801  |a BIBENE  |b BIBENE  |d 2019-11-22  |i 4843150  |o 658.8 GIL 2011  |p 4843150  |r 2025-01-15  |w 2019-11-22  |y BK  |k ICO